书目信息 |
| 题名: |
实用遥控控制线路245例
|
|
| 作者: | 周兴华 编著 | |
| 分册: | ||
| 出版信息: | 北京 中国电力出版社 2015.01 |
|
| 页数: | 392页 | |
| 开本: | 26cm | |
| 丛书名: | ||
| 单 册: | ||
| 中图分类: | TP87 | |
| 科图分类: | ||
| 主题词: | 遥控系统--yao kong xi tong--控制电路 | |
| 电子资源: | ||
| ISBN: | 978-7-5123-6238-3 | |
| 000 | 00896nam0 2200253 450 | |
| 001 | CAL 0120141453909 | |
| 005 | 20150825150316.28 | |
| 010 | @a978-7-5123-6238-3@dCNY49.80 | |
| 100 | @a20141231d2015 em y0chiy50 ea | |
| 101 | 0 | @achi |
| 102 | @aCN@b110000 | |
| 105 | @aa a 000yy | |
| 106 | @ar | |
| 200 | 1 | @a实用遥控控制线路245例@Ashi yong yao kong kong zhi xian lu 245 li@f周兴华编著 |
| 210 | @a北京@c中国电力出版社@d2015.01 | |
| 215 | @a392页@c图@d26cm | |
| 320 | @a有书目 (第392页) | |
| 330 | @a本书以实用为出发点, 详细介绍了目前常见的遥控技术, 包括无线电遥控系统、红外线遥控系统、超声波遥控系统、可见光及激光遥控系统、热释电红外遥控系统、微波多普勒遥控系统和电话遥控系统等。 | |
| 586 | @a | |
| 606 | 0 | @a遥控系统@Ayao kong xi tong@x控制电路 |
| 690 | @aTP87@v5 | |
| 701 | 0 | @a周兴华@Azhou xing hua@4编著 |
| 801 | 0 | @aCN@c20150820 |
| 905 | @a河南城建学院图书馆@dTP87@eZ800@f3 | |
| 实用遥控控制线路245例/周兴华编著.-北京:中国电力出版社,2015.01 |
| 392页:图;26cm |
| ISBN 978-7-5123-6238-3:CNY49.80 |
| 本书以实用为出发点, 详细介绍了目前常见的遥控技术, 包括无线电遥控系统、红外线遥控系统、超声波遥控系统、可见光及激光遥控系统、热释电红外遥控系统、微波多普勒遥控系统和电话遥控系统等。 |
| ● |
| 相关链接 |
|
|
|
正题名:实用遥控控制线路245例
索取号:TP87/Z800
 
预约/预借
| 序号 | 登录号 | 条形码 | 馆藏地/架位号 | 状态 | 备注 |
| 1 | 1223754 | 212237541 | 自科库301/301自科库 38排1列2层/ [索取号:TP87/Z800] | 在馆 | |
| 2 | 1223755 | 212237550 | 自科库301/301自科库 136排2列6层/ [索取号:TP87/Z800] | 在馆 | |
| 3 | 1223756 | 212237569 | 自科库301/301自科库 136排2列6层/ [索取号:TP87/Z800] | 在馆 |